[Event "Chigorin Memorial Blitz 30th"]
[Site "St Petersburg"]
[Date "2023.10.20"]
[Round "3"]
[White "Lobanov, Sergei"]
[Black "Lapin, Petr"]
[Result "1-0"]
[WhiteElo "2520"]
[BlackElo "2102"]
[PlyCount "47"]
[EventDate "2023.10.20"]
[EventType "swiss (blitz)"]
[EventRounds "11"]
[EventCountry "RUS"]
[SourceTitle "Mega2024 Update 01"]
[Source "Chessbase"]
[SourceDate "2023.11.12"]
[SourceVersion "1"]
[SourceVersionDate "2023.11.12"]
[SourceQuality "1"]

1. d4 Nf6 2. c4 e6 3. Nc3 c5 4. d5 exd5 5. cxd5 d6 6. e4 g6 7. Nf3 Bg7 8. Be2 0-0 9. Nd2 b6 10. 0-0 Re8 11. Re1 g5 12. Bb5 Bd7 13. Bxd7 Nbxd7 14. Nc4 Ne5 15. Ne3 h6 16. Nf5 Bf8 17. h4 Nh7 18. f4 gxf4 19. Bxf4 Ng6 20. Bxh6 Nxh4 21. Qg4+ Ng6 22. Bxf8 Kxf8 23. Qh5 Kg8 24. Rf1 1-0

[Event "Krasnoyarsk-ch"]
[Site "Krasnoyarsk"]
[Date "2017.02.03"]
[Round "3"]
[White "Grigorian, Marine"]
[Black "Lapin, Petr"]
[Result "1-0"]
[WhiteElo "2141"]
[BlackElo "2235"]
[PlyCount "99"]
[EventDate "2017.02.01"]
[EventType "swiss"]
[EventRounds "9"]
[EventCountry "RUS"]
[SourceTitle "CBM 176 Extra"]
[Source "ChessBase"]
[SourceDate "2017.03.02"]
[SourceVersion "1"]
[SourceVersionDate "2017.03.02"]
[SourceQuality "1"]

1. Nf3 Nf6 2. b3 d5 3. Bb2 e6 4. g3 Bd6 5. Bg2 0-0 6. 0-0 Qe7 7. c4 c6 8. d4 Nbd7 9. Ne5 Re8 10. Nd2 c5 11. e3 cxd4 12. exd4 Ba3 13. Bc3 Rd8 14. Qc2 Bb4 15. a3 Bxc3 16. Qxc3 dxc4 17. bxc4 Nxe5 18. dxe5 Ng4 19. h3 Nxe5 20. Qxe5 Rxd2 21. Rfd1 f6 22. Qa5 Rd7 23. c5 Rc7 24. Rac1 e5 25. Rd6 Bf5 26. Rcd1 Rac8 27. Qxa7 b5 28. Qb6 Rxc5 29. Bd5+ Kf8 30. Bb7 R8c7 31. Bc6 Rc1 32. Bxb5 Bxh3 33. Kh2 Rxd1 34. Rxd1 Bg4 35. Rd6 Rb7 36. Rd8+ Kf7 37. Be8+ Qxe8 38. Qxb7+ Qe7 39. Qxe7+ Kxe7 40. Rg8 Kf7 41. Ra8 g5 42. a4 Bf3 43. Rb8 f5 44. a5 f4 45. a6 e4 46. gxf4 gxf4 47. Rb3 e3 48. fxe3 fxe3 49. Rxe3 Bd5 50. a7 1-0

[Event "Krasnoyarsk Marchko Memorial"]
[Site "Krasnoyarsk"]
[Date "2015.12.22"]
[Round "4"]
[White "Lapin, Petr"]
[Black "Belmeskin, Ilia"]
[Result "1/2-1/2"]
[WhiteElo "2143"]
[BlackElo "2235"]
[PlyCount "86"]
[EventDate "2015.12.19"]
[EventType "tourn"]
[EventRounds "9"]
[EventCountry "RUS"]
[SourceTitle "EXT 2018"]
[Source "ChessBase"]
[SourceDate "2017.10.13"]
[SourceVersion "1"]
[SourceVersionDate "2017.10.13"]
[SourceQuality "1"]

1. f4 d5 2. Nf3 Bg4 3. e3 g6 4. h3 Bxf3 5. Qxf3 Bg7 6. Nc3 c6 7. d4 Nd7 8. Bd3 e6 9. Bd2 Ne7 10. Ne2 c5 11. c3 Qb6 12. Rb1 f6 13. 0-0 0-0 14. Kh1 e5 15. Bc2 Rac8 16. Bb3 Qd6 17. e4 Kh8 18. Bxd5 Nxd5 19. exd5 exd4 20. cxd4 c4 21. a3 Rfe8 22. Bb4 Qb6 23. f5 g5 24. Rbe1 Bf8 25. Bc3 Bd6 26. Ng3 Qb5 27. Nh5 Bc7 28. Re6 Rf8 29. Rfe1 Rf7 30. d6 Bb6 31. Qxb7 Rcf8 32. Qe4 Bd8 33. Re8 Kg8 34. Qe6 a6 35. Rxf8+ Nxf8 36. Qe8 Rd7 37. Qe4 Rf7 38. d5 Qb6 39. Qxc4 Qxd6 40. Bb4 Qd7 41. Qe4 a5 42. Bc5 Bc7 43. Bxf8 Kxf8 1/2-1/2

[Event "Krasnoyarsk Region-ch"]
[Site "Krasnoyarsk"]
[Date "2015.10.10"]
[Round "3"]
[White "Lapin, Petr"]
[Black "Dobrovolskiy, Roman"]
[Result "0-1"]
[WhiteElo "2013"]
[BlackElo "2136"]
[PlyCount "130"]
[EventDate "2015.10.??"]
[EventType "swiss"]
[EventRounds "11"]
[EventCountry "RUS"]
[SourceTitle "CBM 169 Extra"]
[Source "ChessBase"]
[SourceDate "2015.12.18"]
[SourceVersion "1"]
[SourceVersionDate "2015.12.18"]
[SourceQuality "1"]

1. e4 g6 2. d4 Bg7 3. Nc3 d6 4. Be3 Nf6 5. Qd2 c6 6. f3 b5 7. Bh6 Bxh6 8. Qxh6 Qa5 9. Qd2 Nbd7 10. Bd3 e5 11. Nge2 Qb6 12. dxe5 dxe5 13. a4 b4 14. Nd1 a5 15. Ne3 Nc5 16. Nc4 Qc7 17. Qe3 Nfd7 18. b3 Ba6 19. Nb2 Bxd3 20. Nxd3 Nxd3+ 21. Qxd3 Nc5 22. Qe3 Ne6 23. 0-0-0 Qa7 24. Qxa7 Rxa7 25. Rd6 Rc7 26. Rhd1 Ke7 27. g3 Rd8 28. Rxd8 Nxd8 29. c4 bxc3 30. Kc2 Ne6 31. Kxc3 Rb7 32. Rd2 Nc5 33. Nc1 f5 34. Kc4 Ne6 35. Nd3 Kf6 36. exf5 gxf5 37. Re2 Nd4 38. Rxe5 Nxb3 39. Re2 Rd7 40. Ne5 Nd2+ 41. Kc5 Nb3+ 42. Kxc6 Rd4 43. Nd7+ Kf7 44. Nb6 Rxa4 45. Nxa4 Nd4+ 46. Kb6 Nxe2 47. Kxa5 Nd4 48. f4 Nf3 49. Kb5 Nxh2 50. Nc3 Nf1 51. Ne2 Kg6 52. Kc5 Kh5 53. Kd5 Kg4 54. Ke5 h5 55. Kf6 Nxg3 56. Nxg3 Kxg3 57. Kxf5 h4 58. Kg5 h3 59. f5 h2 60. Kg6 h1Q 61. f6 Kg4 62. Kg7 Kg5 63. f7 Qh6+ 64. Kg8 Kg6 65. f8Q Qh7# 0-1

[Event "Krasnoyarsk-ch"]
[Site "Krasnoyarsk"]
[Date "2015.02.05"]
[Round "8"]
[White "Lapin, Petr"]
[Black "Dobrovolskiy, Roman"]
[Result "0-1"]
[WhiteElo "2005"]
[BlackElo "2124"]
[PlyCount "64"]
[EventDate "2015.01.29"]
[EventType "tourn"]
[EventRounds "11"]
[EventCountry "RUS"]
[SourceTitle "CBM 164 Extra"]
[Source "ChessBase"]
[SourceDate "2015.03.02"]
[SourceVersion "1"]
[SourceVersionDate "2015.03.02"]
[SourceQuality "1"]

1. e4 g6 2. d4 Bg7 3. Nc3 d5 4. exd5 Nf6 5. Bc4 0-0 6. Qf3 Nbd7 7. Bg5 Nb6 8. Bb3 a5 9. a4 Qd7 10. Nge2 c6 11. Bxf6 Bxf6 12. dxc6 bxc6 13. Ne4 Bg7 14. c3 Rb8 15. 0-0 Nd5 16. Nc5 Qd6 17. Rfd1 e5 18. Ne4 Qe7 19. c4 Nf6 20. Nxf6+ Bxf6 21. d5 e4 22. Qg3 Be5 23. Qe3 Qb4 24. Bc2 Bxb2 25. Rab1 Qxc4 26. Bxe4 cxd5 27. Bxd5 Qxa4 28. Qd2 Bf5 29. Rxb2 Rxb2 30. Bxf7+ Rxf7 31. Qd8+ Kg7 32. Ng3 Qf4 0-1

[Event "Krasnoyarsk-ch"]
[Site "Krasnoyarsk"]
[Date "2015.02.02"]
[Round "5"]
[White "Krikunova, Olesya"]
[Black "Lapin, Petr"]
[Result "0-1"]
[WhiteElo "1548"]
[BlackElo "2005"]
[PlyCount "88"]
[EventDate "2015.01.29"]
[EventType "tourn"]
[EventRounds "11"]
[EventCountry "RUS"]
[SourceTitle "CBM 164 Extra"]
[Source "ChessBase"]
[SourceDate "2015.03.02"]
[SourceVersion "1"]
[SourceVersionDate "2015.03.02"]
[SourceQuality "1"]

1. Nf3 Nf6 2. g3 e6 3. c4 b6 4. Bg2 Bb7 5. Nc3 Be7 6. 0-0 0-0 7. Re1 d5 8. d4 c5 9. Ne5 Nc6 10. Nxc6 Bxc6 11. Bf4 Rc8 12. cxd5 exd5 13. Rc1 Re8 14. Qd2 h6 15. h3 Bd6 16. Be3 c4 17. Qc2 Rxe3 18. fxe3 Bxg3 19. Rf1 Qe7 20. Qd2 Re8 21. Rf3 Bh4 22. Nd1 Ne4 23. Qc2 Qg5 24. Nc3 Re6 25. Nxe4 dxe4 26. Rf4 Rg6 27. Rg4 Qxe3+ 28. Kh1 Bg5 29. Rd1 h5 30. Rxg5 Qxg5 31. e3 Bd5 32. Qe2 b5 33. a3 Rf6 34. Rg1 Qh4 35. Rf1 Rf3 36. Bxf3 exf3 37. Qf2 Qxh3+ 38. Kg1 Qg4+ 39. Kh2 Qf5 40. Qg3 Kh7 41. Qh4 f6 42. Qg3 a5 43. Rg1 Qc2+ 44. Kh3 Be6+ 0-1

[Event "Krasnoyarsk-ch"]
[Site "Krasnoyarsk"]
[Date "2014.02.07"]
[Round "9"]
[White "Anikonov, Dmitry"]
[Black "Lapin, Petr"]
[Result "1-0"]
[WhiteElo "2150"]
[BlackElo "1917"]
[PlyCount "149"]
[EventDate "2014.01.30"]
[EventType "tourn"]
[EventRounds "11"]
[EventCountry "RUS"]
[SourceTitle "EXT 2016"]
[Source "ChessBase"]
[SourceDate "2015.10.08"]
[SourceVersion "1"]
[SourceVersionDate "2015.10.08"]
[SourceQuality "1"]

1. d4 Nf6 2. c4 e6 3. Nc3 Bb4 4. Qb3 c5 5. dxc5 Na6 6. a3 Bxc5 7. Nf3 b6 8. Bg5 Bb7 9. Qc2 Be7 10. e4 Nc5 11. e5 Nfe4 12. Bxe7 Qxe7 13. Nb5 0-0 14. b4 a6 15. Nbd4 Ng5 16. Rd1 Be4 17. Qc1 Nxf3+ 18. gxf3 Nb3 19. Nxb3 Bxf3 20. Rg1 Bxd1 21. Qxd1 a5 22. Qd6 Qxd6 23. exd6 axb4 24. axb4 Ra4 25. b5 f6 26. Rg3 Rfa8 27. Rc3 Ra3 28. Bd3 Kf7 29. Kd2 Rc8 30. c5 Rxb3 31. Rxb3 Rxc5 32. Be4 f5 33. Bc2 Kf6 34. f4 Rc4 35. Bd3 Rxf4 36. Ke3 Ke5 37. Rc3 Rd4 38. Rc8 Rxd6 39. Rf8 Rd4 40. Rb8 Rd6 41. Rf8 h6 42. h4 g6 43. Rh8 Kf6 44. Rf8+ Kg7 45. Rb8 g5 46. h5 f4+ 47. Ke4 f3 48. Ra8 g4 49. Ke3 Rd5 50. Ra4 Rg5 51. Bf1 Kf6 52. Kf4 g3 53. Kxf3 g2 54. Bxg2 Rxb5 55. Bf1 Rxh5 56. Rb4 Rf5+ 57. Kg2 d5 58. Rxb6 Ke5 59. Be2 Rf4 60. Kg3 Ra4 61. Bg4 Ra3+ 62. Kh4 Kd4 63. Rxe6 Ra1 64. Kg3 Kc5 65. Bf3 d4 66. Rc6+ Kb4 67. Kf4 Ra2 68. Ke4 Rd2 69. Bg4 Kb5 70. Rc8 Kb4 71. Bh3 Ka3 72. Bf1 h5 73. Bd3 h4 74. Kxd4 h3 75. Kc3 1-0

[Event "Krasnoyarsk-ch"]
[Site "Krasnoyarsk"]
[Date "2014.02.04"]
[Round "6"]
[White "Lapin, Petr"]
[Black "Kostyleva, Alexandra"]
[Result "1-0"]
[WhiteElo "1917"]
[BlackElo "1904"]
[PlyCount "171"]
[EventDate "2014.01.30"]
[EventType "tourn"]
[EventRounds "11"]
[EventCountry "RUS"]
[SourceTitle "EXT 2016"]
[Source "ChessBase"]
[SourceDate "2015.10.08"]
[SourceVersion "1"]
[SourceVersionDate "2015.10.08"]
[SourceQuality "1"]

1. e4 d6 2. d4 Nf6 3. Nc3 c6 4. Nf3 g6 5. Be3 Bg7 6. h3 Qc7 7. Qd2 Nbd7 8. Bh6 0-0 9. 0-0-0 b5 10. Bxg7 Kxg7 11. Bd3 b4 12. Ne2 c5 13. dxc5 dxc5 14. Bc4 Nb6 15. Bd5 Nfxd5 16. exd5 Rd8 17. Qg5 h6 18. Qf4 Qxf4+ 19. Nxf4 g5 20. Nh5+ Kg8 21. Ng3 Rxd5 22. Rxd5 Nxd5 23. Ne4 Bf5 24. Ned2 f6 25. g4 Bg6 26. h4 Kg7 27. Re1 e5 28. h5 Bf7 29. Ne4 Rc8 30. Nfd2 Be6 31. f3 Nb6 32. Nd6 Rd8 33. N2e4 c4 34. Rd1 Rf8 35. Ng3 Bd5 36. Nde4 Rf7 37. Nf5+ Kh7 38. Ned6 Rf8 39. Ne4 Rf7 40. Nfd6 Rf8 41. b3 cxb3 42. axb3 Be6 43. Ng3 Bd5 44. Nde4 Rf7 45. Kb2 Bxe4 46. fxe4 Rd7 47. Rf1 Kg7 48. Nf5+ Kh7 49. Ng3 Rd6 50. Ra1 a6 51. Nf5 Rc6 52. Ra5 Nd7 53. Ne7 Rd6 54. Nd5 f5 55. exf5 e4 56. Ne3 Kg7 57. Nc4 Rc6 58. Ne5 Rc5 59. Rxc5 Nxc5 60. Kc1 Kf6 61. Nc6 a5 62. Kd2 a4 63. bxa4 Nxa4 64. Ke3 Nc3 65. Nxb4 Ke5 66. Nc6+ Kd5 67. Ne7+ Ke5 68. Ng6+ Kd5 69. Ne7+ Ke5 70. Ng6+ Kd5 71. Ne7+ Ke5 72. Ng6+ Kd5 73. f6 Ke6 74. Kd4 Nb5+ 75. Kxe4 Kxf6 76. c4 Nc3+ 77. Kd3 Na4 78. Kd4 Ke6 79. c5 Nb2 80. Nf8+ Kf7 81. Nd7 Ke6 82. Ne5 Na4 83. Nc4 Ke7 84. Nb6 Nb2 85. Nd5+ Ke6 86. Ne3 1-0

[Event "Krasnoyarsk-ch"]
[Site "Krasnoyarsk"]
[Date "2014.01.30"]
[Round "1"]
[White "Lapin, Petr"]
[Black "Piskunova, Maria"]
[Result "1-0"]
[WhiteElo "1917"]
[BlackElo "1875"]
[PlyCount "35"]
[EventDate "2014.01.30"]
[EventType "tourn"]
[EventRounds "11"]
[EventCountry "RUS"]
[SourceTitle "EXT 2016"]
[Source "ChessBase"]
[SourceDate "2015.10.08"]
[SourceVersion "1"]
[SourceVersionDate "2015.10.08"]
[SourceQuality "1"]

1. e4 c5 2. Nf3 Nc6 3. Bb5 d5 4. exd5 Qxd5 5. Nc3 Qe6+ 6. Qe2 Qxe2+ 7. Kxe2 Bd7 8. d3 e6 9. Be3 Bd6 10. Ne4 Be5 11. Bxc6 Bxc6 12. Nxe5 Bxe4 13. dxe4 Nf6 14. f3 Rc8 15. Rad1 Ke7 16. Bg5 Rc7 17. Ng4 Rg8 18. e5 1-0